000 00970nam a22002417a 4500
999 _c65988
_d65988
005 20240530110853.0
008 201102s2019 ua a g b 000 0dara d
017 _a2018/19752
_bمصر. دار الكتب
020 _a9789773194451
040 _aEG-CaGPL
_cEG-CaGPL
082 0 4 _221
_a327.5650561/
_bأ ع
100 0 _aاركان ابراهيم عدوان
245 1 2 _aالعلاقات السورية التركية :
_bالمحددات والقضايا /
_cاركان ابراهيم عدوان
250 _aط.1
260 _aالقاهرة :
_bالعربى للنشر و التوزيع،
_c2019
300 _a263 ص. ؛
_c24 سم.
504 _aيشتمل على ارجاعات ببليوجرافية
650 _2qrmak
651 0 7 _2qrmak
_aسوريا
_xالعلاقات الخارجية
_zتركيا
651 0 7 _aتركيا
_xالعلاقات الخارجية
_zسوريا
_2qrmak
942 _2ddc
_cBK